| 000 | 00664cab a2200169 4500 | ||
|---|---|---|---|
| 001 | ##L132624 | ||
| 008 | 060223n2006 000 0 eng u | ||
| 035 | _a(Sirsi) u132624 | ||
| 041 | 0 | _aeng | |
| 245 | 0 | 0 | _aPeek practice |
| 260 | _c2006 | ||
| 490 | 0 |
_aRIBA Journal _v113(2) 2 February 2006, 44-48(5) |
|
| 520 | _aLooks at how architects Shillam + Smith converted a 19th century building in London into new offices, with a café and gallery at street level open to passers-by. Contains architect's drawings and table of costings | ||
| 590 | _aIKA280206 | ||
| 690 | _aBUILT ENVIRONMENT-BUILDING MAINTENANCE AND REFURBISHMENT-BUILDING ADAPTATION | ||
| 942 | _n0 | ||
| 999 |
_c76531 _d76531 |
||